LEADER 00769nam0-22002651i-450- 001 990001643860403321 005 20050415080956.0 035 $a000164386 035 $aFED01000164386 035 $a(Aleph)000164386FED01 035 $a000164386 100 $a20030910d1962----km-y0itay50------ba 101 0 $afre 200 1 $a<>Pesticides agricoles$fComite de Sante Publique du Conseil de l'Europe 210 $aStrasbourg$cComite de Sante Publique du Conseil de l'Europe$d1962 215 $a142 p.$d23 cm 610 0 $aAntiparassitari 676 $a632.95 801 0$aIT$bUNINA$gRICA$2UNIMARC 901 $aBK 912 $a990001643860403321 952 $a60 581.28 B 2$b38843$fFAGBC 959 $aFAGBC 996 $aPesticides agricoles$9372181 997 $aUNINA LEADER 00920nam0-2200289---450- 001 990008313970403321 005 20060420091550.0 035 $a000831397 035 $aFED01000831397 035 $a(Aleph)000831397FED01 035 $a000831397 100 $a20060420f19831983km-y0itay50------ba 101 0 $aeng 105 $aa-------001yy 200 1 $aEuro food chem II$e2. European conference on food chemistry$eRome, Italy, March 15-18, 1983$eproceedings 210 $a[S.l.]$cFederation of European chemical societies ...$d[1983?] 215 $a490 p.$cill.$d24 cm 610 0 $aAlimenti$aAnalisi chimica 676 $a641.1 710 12$aEuropean conference on food chemistry$d<2. ;$f1983 ;$eRoma>$0424624 801 0$aIT$bUNINA$gRICA$2UNIMARC 901 $aBK 912 $a990008313970403321 952 $a80 IX 71 CFT (6)$bCFT$fFFABC 959 $aFFABC 996 $aEuro food chem II$9744417 997 $aUNINA